La mujer frente al espejo : (Registro nro. 13391)

Detalles MARC
000 -LIDER
fixed length control field 01440nam a22002897a 4500
003 - IDENTIFICACDOR DE NÚMERO DE CONTROL
control field DO-SdBNP
005 - DATE AND TIME OF LATEST TRANSACTION
control field 20230208094606.0
008 - ELEMENTOS DE LONGITUD FIJA
fixed length control field 210309b 2007 dr 00| 0 spa d
020 ## - ISBN
International Standard Book Number 9789993439493
040 ## - FUENTE DE CATALOGACIÓN
Agencia que crea de manera original el registro BPMSU
Idioma de catalogación spa
Agencia que realiza la transcripción BPMSU
082 #4 - NÚMERO DE CLASIFICACIÓN DECIMAL DE DEWEY
Classification number RD862.08
Item number M953f 2007
Edition number 22
100 ## - ASIENTO PRINCIPAL -- NOMBRE PERSONAL
Nombre personal
Fechas asociadas con el nombre
245 #3 - MENCIÓN DE TITULO
Título La mujer frente al espejo :
Subtítulo antología anotada de dramaturgias dominicanas contemporáneas /
Mención de responsabilidad L. Howard Quackenbush.
260 ## - PUBLICACIÓN, DISTRIBUCIÓN, ETC. (PIE DE IMPRENTA)
Lugar de publicación, distribución, etc Santo domingo :
Nombre del editor, distribuidor, etc. Librería la Trinitaria
Fecha de publicación, distribución, etc 2007.
300 ## - DESCRIPCIÓN FÍSICA
Extensión 381 p.:
Otros detalles físicos il.
Dimensiones 23 cm.
500 ## - NOTA GENERAL
Nota general Incluye datos Biográfico del autor en la cubierta de la solapa.
504 ## - NOTA DE BIBLIOGRAFÍA, ETC.
Bibliography, etc Bibliografía : p. 381- 384
505 0# - NOTA DE CONTENIDO
Texto normalizado de contenido troducción -- La eterna Eva y el insoportable Adán -- Wish-ky Sour (trago amargo) -- Yo soy Minerva! (Confisiones más allá de la vida y la muerte) -- La querida de Don José -- Minerva y Manolo, amor y lucha -- Por hora y a Piece-Work -- Estrategias del otro yo: el mundo de Claudia -- La tierra es de nosotros, 2004 -- Espejismo -- Hermanas -- ¿Estamos listos...? -- Conclusión -- Bibliografía.
650 #4 - ENCABEZAMIENTO DE MATERIA--TEMÁTICO
Término temático o nombre geográfico como elemento de entrada Teatro dominicano
Subdivisión cronológica Siglo XX
650 #4 - ENCABEZAMIENTO DE MATERIA--TEMÁTICO
Término temático o nombre geográfico como elemento de entrada Drama dominicano
Subdivisión cronológica Siglo XX
Subdivisión temática general
--
650 #4 - ENCABEZAMIENTO DE MATERIA--TEMÁTICO
Término temático o nombre geográfico como elemento de entrada Mujeres autoras
Subdivisión geográfica República Dominicana
Subdivisión temática general Historia y crítica
Subdivisión cronológica Siglo XX
650 #4 - ENCABEZAMIENTO DE MATERIA--TEMÁTICO
Término temático o nombre geográfico como elemento de entrada Drama dominicano
Subdivisión temática general Historia y critica
650 #4 - ENCABEZAMIENTO DE MATERIA--TEMÁTICO
Término temático o nombre geográfico como elemento de entrada Literatura dominicana
700 1# - ASIENTO SECUNDARIO -- NOMBRE PERSONAL
Nombre personal Quackenbush, L.Howard
Mención de responsabilidad
910 ## - VALIDACIÓN
Validación MCabrera /VMateo V.
942 ## - ADDED ENTRY ELEMENTS (KOHA)
Source of classification or shelving scheme Dewey Decimal Classification
Koha item type Libros
Existencias
Withdrawn status Lost status Source of classification or shelving scheme Damaged status Not for loan Collection code Home library Current library Date acquired Source of acquisition Full call number Barcode Date last seen Price effective from Koha item type Copy number
    Dewey Decimal Classification     Colección Dominicana Biblioteca Pública Metropolitana Salomé Ureña Biblioteca Pública Metropolitana Salomé Ureña 03/09/2021 Compra BPMSU CD RD862.08 M953f 2007 BPMSU21030014 03/09/2021 03/09/2021 Libros  
    Dewey Decimal Classification     Colección Dominicana Biblioteca Pública Metropolitana Salomé Ureña Biblioteca Pública Metropolitana Salomé Ureña 03/09/2021 Compra BPMSU CD RD862.08 M953f 2007 BPMSU21030018 03/09/2021 03/09/2021 Libros e.2